Animals

Bibliographic Details
Main Author: Ng, May Tee
Format: Book
Published: Selangor : Firefly Publication , 2004
Series:Science for children
Subjects:

MARC

LEADER 00000cam a2200000 7i4500
001 0000005203
005 20151222.0
008 070801
020 |a 9832974062 
090 0 0 |a JF   |b SC ENG (5167) 
100 0 |a Ng, May Tee 
245 1 0 |a Animals   |c Ng May Tee 
260 |a Selangor :   |b Firefly Publication ,   |c 2004 
440 |a Science for children 
500 |a Children ages 7-9 years old (orange) 
650 0 |a Animals   |x Juvenile literature 
650 0 |a Zoology   |x Juvenile literature 
999 |a 0000976964   |b Book   |c REFERENCE   |e Perbadanan Perpustakaan Awam Johor 
999 |a 0000976965   |b Book   |c REFERENCE   |e Perbadanan Perpustakaan Awam Johor 
999 |a 0000976966   |b Book   |c REFERENCE   |e Cawangan Segamat 
999 |a 0000976967   |b Book   |c REFERENCE   |e Cawangan Muar 
999 |a 0000976968   |b Book   |c REFERENCE   |e Cawangan Bukit Gambir